MDQL
is popping MORE tags! Check the
thread
!
Quizzes
Events
Quiz Creation
Community
Videos
Private Events
Remove Ads
Sign In
Join for FREE
Feedback
Dark Mode
Quiz Categories
Sports
Geography
Music
Movies
Television
Just For Fun
Miscellaneous
History
Literature
Language
Science
Gaming
Entertainment
Religion
Holiday
For Kids
Quiz Lab
Recent
Popular Today
Quiz Kudos Today
Editor Picks
Curator Picks
Quizzes by...
Day
Popularity
Type
Ratings
Length
Year
Community
Subscriptions
Recent Discussions
Orange Saloon
Badges
Playlists
Quests
Create
Leaderboards
Showdown
Live 5
Trivia Bingo
Activity
Puzzle Library
Sporcle Events
Private Events
Virtual Trivia
Globe League
Become a Host
Pub Owners
SporcleCon
Opinionation
Our Games
Videos
Blog
Mobile Apps
Partnerships
Remove Ads and Go Orange
Feedback
Music
Pop Music
The Beatles
Song
Album
Lyrics
Bands
Singers
Artist
Clip
Rock
Rap
Classical
Billboard
Country Music
Kpop
Taylor Swift
Music
Pop Music
The Beatles
Song
Album
Lyrics
Bands
Singers
Artist
Clip
Rock
Rap
Classical
Billboard
Country Music
Kpop
Taylor Swift
Random Quiz
Search Sporcle
×
Quiz Lab
Quiz Lab
Music
Disney
Type in answers that appear in a list
Type in answers that appear in a list
Classic
Best Score? Go Orange.
Disney World Music Quiz Stats
Can you name the attractions (or areas) each of these songs comes from?
By
philkid3
15m
42 Questions
5,646 Plays
5,646 Plays
5,646 Plays
Comments
Comments
Give Quiz Kudos
Give Quiz Kudos
-
- Ratings
hide this ad
More Info
Forced Order
Answers have to be entered in order
Answers have to be entered in order
Replay
Link that replays current quiz
Next Quiz
Link to next quiz in quiz playlist
You Got
0%
They Got
Avg Score
47%
Avg Friend Score
Upgrade to see
Score Distribution
Jump to the score distribution portion of the page
Score
0/42
Timer
15:00
0
Plays Today
Time
Location
% Correct
0:30-
0:40
'it's a small world'
97.6%
0:10-
0:20
Haunted Mansion
94.3%
0:20-
0:30
Splash Mountain
91.1%
2:10-
2:20
Peter Pan's Flight
88.7%
1:10-
1:20
Twilight Zone Tower of Terror
87.5%
1:50-
2:00
Star Tours
81.2%
2:20-
2:30
Walt Disney World Monorail
76.2%
4:00-
4:10
Pirates of the Caribbean
75.6%
0:40-
0:50
Space Mountain
74.8%
4:20-
4:30
The Many Adventures of Winnie the Pooh
73.4%
4:50-
5:00
Tropical Serenade
71.2%
1:40-
1:50
Country Bear Jamboree
67.4%
2:40-
2:50
Soarin'
66%
0:50-
1:00
Journey in to Imagination
63.5%
1:00-
1:10
American Adventure
61.4%
6:40-
6:50
Rock 'n' Roller Coaster starring Aerosmith
59.7%
5:50-
6:00
Wishes!
56.8%
5:10-
5:20
Fantasmic!
49.8%
2:00-
2:10
Carousel of Progress
44.4%
4:10-
4:20
Cinderella's Golden Carrousel
42.5%
6:50-
7:00
Illuminations: Reflections of Earth
42.4%
Time
Location
% Correct
1:20-
1:30
It's Tough to Be a Bug
42.2%
5:00-
5:10
Mainstreet Electrical Parade
38.5%
6:10-
6:20
Test Track
37.5%
5:20-
5:30
Living with the Land Boat Ride
36.7%
3:50-
4:00
The Enchanted Tiki Room Under New Management
35.6%
3:00-
3:10
Indiana Jones Epic Stunt Spectacular
31.1%
6:30-
6:40
Spectromagic
29.6%
3:40-
3:50
O Canada
28.6%
0:00-
0:10
Swiss Family Treehouse
28.5%
5:30-
5:40
Mainstreet
24.6%
6:00-
6:10
Universe of Energy
23.2%
1:30-
1:40
Liki Tikis
22.8%
3:10-
3:20
Mission: Space
22.5%
2:30-
2:40
Kitchen Cabaret
20.9%
3:20-
3:30
Impressions de France
20.8%
2:50-
3:00
Magic Journeys
20.2%
6:20-
6:30
Spaceship Earth
16.2%
5:40-
5:50
World of Motion
14.2%
3:30-
3:40
Horizons
12.1%
4:40-
4:50
Buzz Lightyear's Astro Blasters
9.2%
4:30-
4:40
20,000 Leagues Under the Sea
8.7%
Quiz Playlist
Details
Report
Send in Message
Add To Playlist
More Info:
Common alternate names for attractions will mostly also be accepted. Former attractions are completely in play.
Classic:
Type in answers that appear in a list
Forced Order:
Answers have to be entered in order
Last Updated: Jun 29, 2017
Quiz Scoreboard
CHALLENGE
Sign Up to Join the Scoreboard
Show All
Scores
Hide
Comments
May contain spoilers
Recently Published
Image Sorting: Flags VI
by Barbecue
Geography
2m
Find the 'City' Movie
by crazypaving
Movies
60s
Colored Red Africa Blitz
by spor1
Geography
45s
More to Explore
Quiz From the Vault
Featured Blog Post
14 Easter Pick-up Lines to Find Eggs With
hide this ad
You Might Also Like...
Tags
Disney Quiz
Amusement Park
Disney World
Travel
Today's Top Quizzes in Music
Browse Music
hide this ad
Today's Top Quizzes in Disney
Browse Disney
Top Contributed Quizzes in Music
1
5X2 Blitz: Bands II
2
5X2 Blitz: The Beatles
3
Taylor Swift All Songs (2024)
4
5X2 Blitz: Billboard
5
5X2 Blitz: Billboard II
6
5X2 Blitz: Album
7
5X2 Blitz: Rock
8
5X2 Blitz: Singers
9
Taylor Swift Logic Puzzle II
10
5X2 Blitz: Lyrics
Explore More
Trending Topics
NBA
Marvel
Crossword
Disney
Harry Potter
Anime
Kpop
Puzzle
Soccer
Song
Country
NFL
The Office
WWE
Pokémon
hide this ad
More By:
philkid3
Quiz
Plays
Rating
Category
Featured
Created
Disney World Music Quiz
5,646
4.46
Music
Aug 18, 2010
MLB Franchise Leaders in WAR
4,877
4.41
Sports
Jun 1, 2010
American League Teams Without Pennants
1,590
2.63
Sports
May 27, 2011
All-Time WAR Leaders
715
2.25
Sports
Apr 12, 2010
Players of the Decade
365
3.00
Sports
Aug 22, 2013
Go to Creator's Profile
Score Distribution
Quiz Creator Spotlight
philkid3
Follow
Send a Message
Quizzes Created
-
Created Quiz Play Count
-
More By This Creator
Popular Quizzes Today
1
Colored Red Africa Blitz
2
Find the US States - No Outlines Minefield
3
Find the 'City' Movie
4
5x2 Blitz: Bands
5
The Countries of the World
6
Find the US States
7
Find the Countries of Europe - No Outlines Minefield
8
US States
More Music Quizzes
'N' Bands Album Match
Quiz Lab
Trending Quizzes
Colored Red Europe Blitz I
Colored Red Europe Blitz II
Colored Red Africa Blitz II
Colored Red Europe Blitz III
Colored Red Africa Blitz III
Recently Updated
How Do You Spell That?
pecheneg
Godzilla Movies
pecheneg
Grab Bag: 4-10 Letters
pecheneg
2024 March Madness Bracket
pecheneg
Famous TV Couples
Peacemaker
Champions League XIs: Real Madrid
pecheneg
Largest US Cities 1790-2010
pecheneg
Rides in Walt Disney World
pecheneg
Most Oscar Losses (Acting)
pecheneg
Beyoncé Albums
pecheneg
Trending Topics
NBA
Marvel
Kpop
Harry Potter
Anime
Disney
Crossword
Soccer
WWE
The Office
Pokémon
Song
Country
Puzzle
NFL
Your Account Isn't Verified!
In order to create a playlist on Sporcle, you need to verify the email address you used during registration. Go to your
Sporcle Settings
to finish the process.
Report this User
Report this user for behavior that violates our
Community Guidelines
.
Details:
Send Report
Go to the Sporcle.com Mobile Site →
Comments